都市圏を構成する自治体 (広島大都市圏) - Statistics

General Stats
  • This quiz has been taken 84 times
  • The average score is 13 of 15
Answer Stats
分類 都道府県 所属 Answer % Correct
中心市 広島県 広島市
100%
周辺市町村 広島県 呉市
99%
周辺市町村 広島県 東広島市
99%
周辺市町村 山口県 岩国市
99%
周辺市町村 広島県 廿日市市
97%
周辺市町村 広島県 安芸高田市
95%
周辺市町村 広島県 安芸郡 府中町
93%
周辺市町村 広島県 山県郡 北広島町
89%
周辺市町村 広島県 安芸郡 海田町
88%
周辺市町村 広島県 大竹市
85%
周辺市町村 山口県 玖珂郡 和木町
85%
周辺市町村 広島県 江田島市
82%
周辺市町村 広島県 山県郡 安芸太田町
79%
周辺市町村 広島県 安芸郡 熊野町
78%
周辺市町村 広島県 安芸郡 坂町
77%
No matching quizzes found
Score Distribution
Percent of People with Each Score
Percentile by Number Answered
Your Score History
You have not taken this quiz